000
00296nam a22001337a 4500
020
_a
0-380-71914-2
082
_a
823
_b
REE/G
100
_a
REEDER, CAROLYN
245
_a
GRANDPA'S MOUNTAIN
260
_a
NEW YORK
_b
AVON BOOKS
_c
1993
300
_a
171
650
_a
NOVEL
_z
UNITED STATES
942
_c
BK
999
_c
3838
_d
3838